| 000 | 02774nam a2200469 i 4500 | ||
|---|---|---|---|
| 001 | DIGPUZ0633 | ||
| 003 | NyNyDIG | ||
| 007 | cr ||||||||||| | ||
| 008 | 200420s2015 sp ob 000 0 spa d | ||
| 006 | m o d | ||
| 035 | _a(OCoLC)1152779580 | ||
| 040 |
_aDGITA _beng _erda _epn _cDGITA |
||
| 020 |
_a9788416933655 _qeBook _qpdf |
||
| 020 |
_a8416933650 _qeBook _qpdf |
||
| 020 | _z9788416515080 | ||
| 020 | _z8416515085 | ||
| 050 | 1 | 4 | _aDE8 ebook |
| 082 | 0 | 4 | _a938.0072 |
| 245 | 0 | 3 |
_aLa antigüedad como paradigma : _bespejismos, mitos y silencios en el uso de la historia del mundo clásico por los modernos / _cLaura Sancho Rocher (coord.) |
| 250 | _a1a edición. | ||
| 264 | 1 |
_aZaragoza, España : _bPrensas de la Universidad de Zaragoza, _c2015. |
|
| 300 | _a1 online resource. | ||
| 336 |
_atext _btxt _2rdacontent |
||
| 337 |
_acomputer _bc _2rdamedia |
||
| 338 |
_aonline resource _bcr _2rdacarrier |
||
| 490 | 1 |
_aColección Ciencias Sociales ; _v111 |
|
| 504 | _aIncludes bibliographical references. | ||
| 505 | 0 | _aEsparta como modelo y contramodelo en la Ilustración / César Fornis -- El legado confederal griego en la Constitución de los EE. UU. / Clelia Martínez Maza -- La Historia de Grecia de Georges Grote y la Atenas de los liberales / Laura Sancho Rocher -- Los mitos de Pompeya : arqueología y fantasía / Mirella Romero Recio -- La Roma del fascismo / Antonio Duplá Ansuategui -- Roma nacionalsocialista / Salvador Mas Torres -- Leo Strauss y la Antigüedad neocon / Pedro López Barja de Quiroga -- Cuando Hércules le espantaba las moscas a Buda : negando el mundo grecorromano en la India / Fernando Wulff Alonso -- Mujeres en el cristianismo primitivo : entre la historia y el mito feminista contemporáneo / Gonzalo Fontana Elboj -- Imposturas célticas : celtismo, estereotipos salvajes, druidas, megalitos y melancolías neoceltas / Silvia Alfayé. | |
| 588 | 0 | _aOnline resource; title from PDF title page (Digitalia, viewed April 20, 2020) | |
| 650 | 0 |
_aCivilization, Classical _xHistoriography. |
|
| 650 | 0 |
_aCivilization, Classical _xInfluence. |
|
| 650 | 0 |
_aCivilization, Modern _xClassical influences. |
|
| 655 | 0 | _aElectronic books. | |
| 700 | 1 |
_aSancho Rocher, Laura, _eeditor. |
|
| 791 | 2 |
_aDigitalia (Firm), _edistributor. |
|
| 793 | 0 |
_gDigitalia eBook Collection: _aPrensas Universitarias de Zaragoza |
|
| 776 | 0 | 8 |
_iPrint version: _tAntigüedad como paradigma. _b1a edición. _dZaragoza, España : Prensas de la Universidad de Zaragoza, 2015 _z9788416515080 _w(DLC) 2015425769 _w(OCoLC)929590787 |
| 830 | 0 |
_aCiencias sociales (Universidad de Zaragoza) ; _v111. |
|
| 856 | 4 | 0 |
_3Digitalia Hispánica _uhttps://www.digitaliapublishing.com/a/59231/ |
| 910 | _aPremium collection: 2020 | ||
| 942 | _cRAA | ||
| 999 |
_c256098 _d256098 |
||